| 000 | 00892nam a2200229 i 4500 | ||
|---|---|---|---|
| 001 | 57532 | ||
| 003 | ES-MaACL | ||
| 005 | 20251115063236.0 | ||
| 007 | t| | ||
| 008 | 031016s1925 py ||||1| spa d | ||
| 100 | 1 |
_aDomínguez, Manuel, _d1869-1935 _9152855 |
|
| 245 | 1 | 3 |
_aEl Chaco Boreal / _cinforme del doctor Manuel Domínguez, miembro de la Comisión Asesora de Límites, que arruina las tesis bolivianas y expone los títulos del Paraguay sobre dicha zona. |
| 260 |
_aAsunción : _b[s.n.], _c1925 ( _fImp. Nacional) |
||
| 300 |
_a197 p. : _bil. ; _c26 cm. |
||
| 500 | _aExpone los títulos del Paraguay sobre dicha zona. | ||
| 651 | 4 |
_aChaco Boreal- _xHistoria. _9152859 |
|
| 651 | 4 |
_aParaguay- _xFronteras- _zBolivia. _9152860 |
|
| 651 | 4 |
_aBolivia- _xFronteras- _zParaguay. _9152861 |
|
| 852 |
_aES-MaACL _jC-7113 |
||
| 852 |
_aES-MaACL _j1767-F-8 |
||
| 999 |
_c57532 _d57532 |
||